[Event "Rheinhausen-ch 19th"]
[Site "Duisburg Rheinhausen"]
[Date "2015.02.05"]
[Round "3"]
[White "Jentzsch, David"]
[Black "Westermann, Johannes"]
[Result "0-1"]
[WhiteElo "1806"]
[BlackElo "2132"]
[PlyCount "74"]
[EventDate "2015.01.09"]
[EventType "swiss"]
[EventRounds "7"]
[EventCountry "GER"]
[SourceTitle "EXT 2018"]
[Source "ChessBase"]
[SourceDate "2017.10.13"]
[SourceVersion "1"]
[SourceVersionDate "2017.10.13"]
[SourceQuality "1"]

1. e4 e5 2. Nf3 Nc6 3. Bc4 Nf6 4. d3 Bc5 5. c3 d6 6. Bb3 Be6 7. Bc2 d5 8. Nbd2 dxe4 9. dxe4 Qd6 10. Qe2 Qe7 11. h3 a6 12. Nf1 h6 13. g4 h5 14. g5 Nd7 15. Ne3 Nb6 16. b3 Qd7 17. Nf5 0-0-0 18. b4 Bf8 19. Bb3 Qd3 20. Bxe6+ fxe6 21. Qxd3 Rxd3 22. Ne3 Rxc3 23. Bb2 Bxb4 24. Ke2 Rc5 25. g6 Na4 26. Bc1 Nd4+ 27. Nxd4 exd4 28. Ng2 Rc2+ 29. Kf3 Rf8+ 30. Kg3 Rc3+ 31. Kh4 Rxf2 32. Nf4 Be7+ 33. Kxh5 Rxc1 34. Raxc1 Rxf4 35. h4 d3 36. Rcd1 Nc3 37. Rxd3 Nxe4 0-1

[Event "Rheinhausen-ch 19th"]
[Site "Duisburg Rheinhausen"]
[Date "2015.01.18"]
[Round "2"]
[White "Aytac, Cengiz"]
[Black "Jentzsch, David"]
[Result "0-1"]
[WhiteElo "1614"]
[BlackElo "1806"]
[PlyCount "86"]
[EventDate "2015.01.09"]
[EventType "swiss"]
[EventRounds "7"]
[EventCountry "GER"]
[SourceTitle "EXT 2018"]
[Source "ChessBase"]
[SourceDate "2017.10.13"]
[SourceVersion "1"]
[SourceVersionDate "2017.10.13"]
[SourceQuality "1"]

1. Nf3 Nf6 2. c4 c6 3. g3 d5 4. cxd5 cxd5 5. d4 Bf5 6. Bg2 e6 7. 0-0 Be7 8. Nc3 h6 9. Qa4+ Nc6 10. Ne5 Qb6 11. Nxc6 bxc6 12. Bd2 0-0 13. Nd1 c5 14. Rc1 cxd4 15. Rc6 Qb7 16. Ba5 Bd8 17. Bb4 Re8 18. Ba3 Bb6 19. Bc5 Rec8 20. Rxc8+ Rxc8 21. b4 Bxc5 22. bxc5 Rxc5 23. Qxd4 Rc2 24. Ne3 Rxe2 25. Nxf5 exf5 26. Ra1 Qb2 27. Qxb2 Rxb2 28. a4 g6 29. Rd1 Ra2 30. Rd4 Kg7 31. f3 Ra1+ 32. Bf1 Kf8 33. Rb4 Ra3 34. Kg2 Ra2+ 35. Kh3 g5 36. g4 fxg4+ 37. fxg4 a5 38. Rd4 Ke7 39. Bb5 Ke6 40. Kg3 Ke5 41. Rd3 Ne4+ 42. Kf3 Rf2+ 43. Ke3 Rxh2 0-1

[Event "Rheinhausen-ch"]
[Site "Rheinhausen"]
[Date "2011.02.25"]
[Round "5"]
[White "Kuske, Benjamin"]
[Black "Jentzsch, David"]
[Result "0-1"]
[WhiteElo "1310"]
[BlackElo "1615"]
[PlyCount "136"]
[EventDate "2011.01.07"]
[EventType "swiss"]
[EventRounds "7"]
[EventCountry "GER"]
[SourceTitle "EXT 2015"]
[Source "ChessBase"]
[SourceDate "2014.11.20"]
[SourceVersion "1"]
[SourceVersionDate "2014.11.20"]
[SourceQuality "1"]

1. d4 d5 2. c4 c6 3. Nc3 Nf6 4. Nf3 e6 5. Bg5 dxc4 6. e4 b5 7. e5 h6 8. Bxf6 gxf6 9. Be2 Rg8 10. 0-0 Bb7 11. Ne4 Nd7 12. Qc2 fxe5 13. dxe5 Qc7 14. Rfd1 Be7 15. Nd6+ Bxd6 16. exd6 Qb6 17. Qh7 Rf8 18. Qxh6 0-0-0 19. Qf4 c5 20. Ne5 Rg8 21. f3 Nxe5 22. Qxe5 Rd7 23. Rac1 Bd5 24. Qf4 Rf8 25. Kf2 Rxd6 26. h4 Rd7 27. h5 f5 28. Rh1 Rh7 29. Rh3 Rfh8 30. Rch1 Kd7 31. R1h2 Qd8 32. Qe3 Kc6 33. h6 Qf6 34. Qd2 Qd4+ 35. Qxd4 cxd4 36. g4 fxg4 37. fxg4 Rg8 38. Rg3 Rg5 39. Ke1 e5 40. Kd2 Be6 41. Bf3+ Bd5 42. Be2 e4 43. Bd1 b4 44. Ba4+ Kc5 45. Bd7 e3+ 46. Ke2 Be4 47. Be6 a5 48. Bg8 Rxg8 49. g5 Bg6 50. Rh4 Rf8 51. Rgg4 Rf2+ 52. Ke1 Rd2 53. Rf4 c3 54. bxc3 bxc3 55. Rf8 c2 56. Rc8+ Kb4 57. Rf4 Rd1+ 58. Ke2 c1Q 59. Rxc1 Rxc1 60. Rxd4+ Rc4 61. Rd6 Bh5+ 62. Kxe3 Rg4 63. Rd5 Rh8 64. Rf5 Rg8 65. Kd2 R4xg5 66. Rxg5 Rxg5 67. h7 Rd5+ 68. Ke3 Rd8 0-1